Applied artificial intelligence (Record no. 4958)

MARC details
000 -CABECERA
campo de control de longitud fija 02834cam a2200349 i 4500
001 - NÚMERO DE CONTROL
campo de control 10100130
003 - IDENTIFICADOR DEL NÚMERO DE CONTROL
campo de control CaAEU
005 - FECHA Y HORA DE LA ÚLTIMA TRANSACCIÓN
campo de control 20260512150343.0
008 - DATOS DE LONGITUD FIJA--INFORMACIÓN GENERAL
campo de control de longitud fija 180913t20182018deua b 000 0 eng d
020 ## - NÚMERO INTERNACIONAL ESTÁNDAR DEL LIBRO
Número Internacional Estándar del Libro 9780998289021
Información calificativa (paperback)
020 ## - NÚMERO INTERNACIONAL ESTÁNDAR DEL LIBRO
Número Internacional Estándar del Libro 0998289027
Información calificativa (paperback)
035 ## - NÚMERO DE CONTROL DEL SISTEMA
Número de control de sistema on1052464407
040 ## - FUENTE DE LA CATALOGACIÓN
Centro catalogador/agencia de origen HNC
Lengua de catalogación eng
Normas de descripción rda
Centro/agencia transcriptor HNC
Centro/agencia modificador OCLCO
-- HNC
-- OCLCF
-- TFW
-- Z8R
-- UPP
-- PJW
-- HRM
-- OCL
-- YDX
-- OCLCQ
-- OCLCO
-- OCL
050 #4 - SIGNATURA TOPOGRÁFICA DE LA BIBLIOTECA DEL CONGRESO
Número de clasificación HF5548.2
Número de documento/Ítem .Y36 2018
100 ## - ENTRADA PRINCIPAL--NOMBRE DE PERSONA
Nombre de persona Yao, Mariya,
Término indicativo de función/relación author.
9 (RLIN) 25907
245 10 - MENCIÓN DE TÍTULO
Título Applied artificial intelligence
Resto del título : a handbook for business leaders
Mención de responsabilidad, etc. / [Mariya Yao, Marlene Jia, Adelyn Zhou ; edited by Natalia Zhang]
264 #1 - PRODUCCIÓN, PUBLICACIÓN, DISTRIBUCIÓN, FABRICACIÓN Y COPYRIGHT
Producción, publicación, distribución, fabricación y copyright [Middletown, DE] :
Nombre del de productor, editor, distribuidor, fabricante TOPBOTS,
Fecha de producción, publicación, distribución, fabricación o copyright [2018]
264 #4 - PRODUCCIÓN, PUBLICACIÓN, DISTRIBUCIÓN, FABRICACIÓN Y COPYRIGHT
Fecha de producción, publicación, distribución, fabricación o copyright ©2018
300 ## - DESCRIPCIÓN FÍSICA
Extensión 227 pages :
Otras características físicas illustrations ;
Dimensiones 22 cm
337 ## - TIPO DE MEDIO
Nombre/término del tipo de medio unmediated
Código del tipo de medio n
Fuente rdamedia
504 ## - NOTA DE BIBLIOGRAFÍA, ETC.
Nota de bibliografía, etc. Includes bibliographical references.
505 0# - NOTA DE CONTENIDO CON FORMATO
Nota de contenido con formato Who this book is for — What business leaders need to know —<br/>Basic terminology in artificial intelligence — The machine intelligence continuum — The promises of artificial intelligence — The challenges of artificial intelligence — Designing safe and ethical AI —<br/><br/>How to develop an enterprise AI strategy —<br/>Build an AI-ready culture — Invest in technical talent — Plan your implementation — Collect and prepare data — Build machine learning models — Experiment and iterate —<br/><br/>AI for enterprise functions —<br/>Obstacles and opportunities — General and administrative — Human resources and talent — Business intelligence and analytics — Software development — Marketing — Sales — Customer support — The ethics of enterprise AI.
520 3# - SUMARIO, ETC.
Sumario, etc. “Artificial intelligence” is everywhere in the media, often portrayed either as a threat to jobs or as a solution to all human problems. But what does it really mean for business leaders?<br/><br/>Applied Artificial Intelligence is a practical guide that shows how to harness machine learning to improve productivity and drive innovation. Rather than technical detail or speculation, it focuses on leading successful AI initiatives: choosing the right opportunities, building effective teams, running strategic experiments, and designing solutions that benefit both organisations and society.<br/><br/>Drawing on the expertise of three specialists, this book provides clear answers to key questions about AI adoption, from identifying valuable use cases and recruiting talent to deciding whether to build or buy an AI platform.
650 #0 - PUNTO DE ACCESO ADICIONAL DE MATERIA--TÉRMINO DE MATERIA
Término de materia o nombre geográfico como elemento de entrada Artificial Intelligence
9 (RLIN) 14147
650 #0 - PUNTO DE ACCESO ADICIONAL DE MATERIA--TÉRMINO DE MATERIA
Término de materia o nombre geográfico como elemento de entrada Artificial Intelligence
Subdivisión general Ethics.
650 #0 - PUNTO DE ACCESO ADICIONAL DE MATERIA--TÉRMINO DE MATERIA
Término de materia o nombre geográfico como elemento de entrada Business
Subdivisión general Data processing
9 (RLIN) 7722
650 #0 - PUNTO DE ACCESO ADICIONAL DE MATERIA--TÉRMINO DE MATERIA
Término de materia o nombre geográfico como elemento de entrada Management
Subdivisión general Data processing
9 (RLIN) 11041
700 ## - ENTRADA AGREGADA--NOMBRE PERSONAL
Nombre de persona Jia, Marlene,
Término indicativo de función/relación author.
9 (RLIN) 25908
700 ## - ENTRADA AGREGADA--NOMBRE PERSONAL
Nombre de persona Zhou, Adelyn,
Término indicativo de función/relación author.
9 (RLIN) 25909
700 ## - ENTRADA AGREGADA--NOMBRE PERSONAL
Nombre de persona Zhang, Natalia,
Término indicativo de función/relación editor.
9 (RLIN) 25910
942 ## - ELEMENTOS DE ENTRADA AGREGADA (KOHA)
Fuente del sistema de clasificación o colocación Clasificación de Library of Congress
Holdings
Estado de retiro Estado de pérdida Fuente del sistema de clasificación o colocación Estado dañado No para préstamo Biblioteca de origen Biblioteca actual Fecha de adquisición Total de préstamos Signatura topográfica completa Código de barras Fecha visto por última vez Número de copia Precio válido a partir de Tipo de ítem Koha
    Clasificación de Library of Congress     TBS Barcelona TBS Barcelona 16/09/2025   HF5548.2 YAO B05672 16/09/2025 1 16/09/2025 Book

Powered by Koha